<?xml version="1.0" encoding="UTF-8"?>
<record
    xmlns:xsi="http://www.w3.org/2001/XMLSchema-instance"
    xsi:schemaLocation="http://www.loc.gov/MARC21/slim http://www.loc.gov/standards/marcxml/schema/MARC21slim.xsd"
    xmlns="http://www.loc.gov/MARC21/slim">

  <leader>01876cam a2200229 i 4500</leader>
  <datafield tag="999" ind1=" " ind2=" ">
    <subfield code="c">37572</subfield>
    <subfield code="d">37572</subfield>
  </datafield>
  <datafield tag="020" ind1=" " ind2=" ">
    <subfield code="a">9781032253541</subfield>
  </datafield>
  <datafield tag="041" ind1=" " ind2=" ">
    <subfield code="a">English.</subfield>
  </datafield>
  <datafield tag="082" ind1="0" ind2="0">
    <subfield code="a">304.80954552</subfield>
    <subfield code="b">NAN-P</subfield>
  </datafield>
  <datafield tag="100" ind1="1" ind2=" ">
    <subfield code="a">Nanda, A. K.,</subfield>
    <subfield code="e">author.</subfield>
  </datafield>
  <datafield tag="245" ind1="1" ind2="0">
    <subfield code="a">Passages of fortune? :</subfield>
    <subfield code="b">exploring dynamics of international migration from Punjab /</subfield>
    <subfield code="c">Aswini Kumar Nanda, Jacques V&#xE9;ron, S. Irudaya Rajan.</subfield>
  </datafield>
  <datafield tag="250" ind1=" " ind2=" ">
    <subfield code="a">1 Asia Edition</subfield>
  </datafield>
  <datafield tag="260" ind1=" " ind2=" ">
    <subfield code="a">Abingdon Oxon :</subfield>
    <subfield code="b">Routledge,</subfield>
    <subfield code="c">2022.</subfield>
  </datafield>
  <datafield tag="300" ind1=" " ind2=" ">
    <subfield code="a">XX, 335p.</subfield>
    <subfield code="e">(HBK)</subfield>
  </datafield>
  <datafield tag="504" ind1=" " ind2=" ">
    <subfield code="a">Includes bibliographical references and index.</subfield>
  </datafield>
  <datafield tag="520" ind1=" " ind2=" ">
    <subfield code="a">"This book examines international out-migration from North India, focusing on the state of Punjab. It is the first-ever empirical exploration of the causes, processes, patterns and consequences of international out-migration based on a robust sample of 10,000 households drawn from both rural and urban areas. The volume explores a range of issues such as current migration, return migration, remittances, reverse remittances, diaspora philanthropy, migration consultancy services, international marriages, campaigns for safe migration abroad, and plans for emigration in future. It also addresses questions surrounding the use of paid labour by households to replace the work done by the emigrants, and studies villages as the migration setting. Besides, the book organically links to a well spread-out and vibrant Punjabi diaspora, as well as provides viable e baseline data on a range of indicators. A key text on migration studies, this volume will be of great interest to scholars and researchers of development studies, economics, demography, sociology, social anthropology, and diaspora studies"--</subfield>
  </datafield>
  <datafield tag="546" ind1=" " ind2=" ">
    <subfield code="a">English.</subfield>
  </datafield>
  <datafield tag="650" ind1=" " ind2="0">
    <subfield code="a">Households</subfield>
    <subfield code="z">India</subfield>
    <subfield code="z">Punjab.</subfield>
  </datafield>
  <datafield tag="650" ind1=" " ind2="0">
    <subfield code="a">Panjabis (South Asian people)</subfield>
    <subfield code="x">Migrations.</subfield>
  </datafield>
  <datafield tag="700" ind1="1" ind2=" ">
    <subfield code="a">V&#xE9;ron, Jacques,</subfield>
    <subfield code="e">author.</subfield>
  </datafield>
  <datafield tag="700" ind1="1" ind2=" ">
    <subfield code="a">Rajan, S. Irudaya,</subfield>
    <subfield code="e">author.</subfield>
  </datafield>
  <datafield tag="942" ind1=" " ind2=" ">
    <subfield code="2">ddc</subfield>
    <subfield code="c">BK</subfield>
  </datafield>
  <datafield tag="952" ind1=" " ind2=" ">
    <subfield code="0">0</subfield>
    <subfield code="1">0</subfield>
    <subfield code="4">0</subfield>
    <subfield code="7">0</subfield>
    <subfield code="a">NASSDOC</subfield>
    <subfield code="b">NASSDOC</subfield>
    <subfield code="d">2023-05-16</subfield>
    <subfield code="e">Overseas</subfield>
    <subfield code="g">0.00</subfield>
    <subfield code="l">0</subfield>
    <subfield code="o">304.80954552 NAN-P</subfield>
    <subfield code="p">53149</subfield>
    <subfield code="r">2023-05-03 00:00:00</subfield>
    <subfield code="v">0.00</subfield>
    <subfield code="w">2023-05-03</subfield>
    <subfield code="y">BK</subfield>
  </datafield>
</record>
